[Event "Veteranos Aragón 2015"]
[Site ""]
[Date "2015.06.06"]
[Round "8.7"]
[White "Orti Stock Carlos"]
[Black "Pellicer Sancho Rafael José"]
[Result "1-0"]
[WhiteElo "1925"]
[BlackElo "1754"]

1.b3 e5 2.Bb2 d6 3.c4 Nf6 4.g3 g6 5.Bg2 Bg7 6.Nc3 c6 7.e4 Na6 8.Nge2 c5 9.O-O
Nb4 10.d3 Nc6 11.Nd5 Nd4 12.Bxd4 cxd4 13.Rc1 b6 14.Rc2 O-O 15.h3 Ba6 16.Kh2
Rc8 17.f4 Nd7 18.f5 Nf6 19.Ng1 Nxd5 20.exd5 Rc7 21.Rcf2 Bf6 22.Be4 Bc8 23.Qg4
Bg5 24.Qe2 Be3 25.Rf3 Qg5 26.Qg2 Qh5 27.Ne2 Qh6 28.f6 Bg4 29.Ng1 Bxf3 30.Nxf3
Rb8 31.Qe2 Qf8 32.Ne1 Qc8 33.Ng2 Bh6 34.Nh4 Bg5 35.Ng2 Qd8 36.Qf3 b5 37.h4 Bh6
38.h5 Qd7 39.Nh4 bxc4 40.hxg6 hxg6 41.Nxg6 fxg6 42.Bxg6 cxb3 43.Qh5 Rc2+ 44.
Kh1 b2 45.Qxh6 Rf8 46.Bf5 Qxf5 47.Qg7# 1-0

[Event "Veteranos Aragón 2015"]
[Site ""]
[Date "2015.06.06"]
[Round "8.8"]
[White "Garcia Artal Obdulio"]
[Black "Royo Onde Manuel"]
[Result "0-1"]
[WhiteElo "1599"]
[BlackElo "1817"]

1.d4 d5 2.Bf4 Nf6 3.e3 a6 4.Nd2 Nc6 5.Be2 e6 6.Ngf3 Be7 7.O-O O-O 8.Ne5 Bd7 9.
Nxd7 Nxd7 10.Nf3 Bf6 11.c3 e5 12.dxe5 Ndxe5 13.Qc2 Qe7 14.Rad1 Rad8 15.Nd4
Nxd4 16.exd4 Ng6 17.Bg3 Rfe8 18.Bd3 c5 19.dxc5 Qxc5 20.Rfe1 Rxe1+ 21.Rxe1 d4
22.cxd4 Qxd4 23.Bxg6 hxg6 24.b3 b5 25.Kf1 b4 26.f3 Qc3 27.Qe2 Rd2 28.Qxa6 Qc2
29.Re8+ Kh7 30.Qc8 Qd3+ 31.Kg1 Bd4+ 32.Kh1 Qf1# 0-1

[Event "Veteranos Aragón 2015"]
[Site ""]
[Date "2015.06.06"]
[Round "8.9"]
[White "Edeso Perez Francisco"]
[Black "Lluciá Marco Luis"]
[Result "1-0"]
[WhiteElo "1785"]
[BlackElo "1637"]

1.d4 d5 2.c4 e6 3.cxd5 exd5 4.Nc3 Nf6 5.Bg5 Be7 6.Nf3 Bf5 7.Qb3 b6 8.Bxf6 Bxf6
9.Qxd5 Qxd5 10.Nxd5 Bd8 11.Nc3 O-O 12.e3 Nc6 13.Be2 Nb4 14.O-O Be7 15.a3 Nc6
16.Rac1 Bd7 17.Bc4 Na5 18.Ba2 c6 19.Ne5 Be8 20.Rfd1 Bd6 21.Nc4 Nxc4 22.Bxc4
Rd8 23.Ne4 Bb8 24.b4 g6 25.Bb3 Kg7 26.f4 Bd7 27.Re1 Rfe8 28.Ng5 Re7 29.Nf3 f6
30.Kf2 Rde8 31.g3 h6 32.h4 g5 33.hxg5 fxg5 34.Ne5 gxf4 35.gxf4 Bxe5 36.dxe5
Be6 37.Rg1+ Kf7 38.Bd1 Rc8 39.Bh5+ Kf8 40.Rg6 Bf7 41.Rf6 Kg7 42.Bf3 c5 43.Rg1+
Kf8 44.Rxh6 Ke8 45.Rh8+ Kd7 46.Bg4+ Be6 47.Bxe6+ Rxe6 48.Rg7+ 1-0

[Event "Veteranos Aragón 2015"]
[Site ""]
[Date "2015.06.06"]
[Round "8.10"]
[White "Requena Briones Rafael"]
[Black "Lorente Latorre Antonio"]
[Result "1/2-1/2"]
[WhiteElo "1666"]
[BlackElo "1627"]

1.e4 g6 2.f4 d6 3.Nf3 Bg7 4.Bc4 Nc6 5.O-O Be6 6.Qe2 Nd4 7.Nxd4 Bxd4+ 8.Kh1 Qd7
9.c3 Bxc4 10.Qxc4 Bg7 11.d4 e6 12.Nd2 Ne7 13.d5 exd5 14.exd5 O-O-O 15.Nf3 h6
16.Be3 Kb8 17.a4 Nf5 18.Bg1 Rhe8 19.Nd4 Bxd4 20.Bxd4 Nxd4 21.Qxd4 Re2 22.b4
Qg4 23.Rf2 Rde8 1/2-1/2

[Event "Veteranos Aragón 2015"]
[Site ""]
[Date "2015.06.06"]
[Round "8.11"]
[White "Cortes Sobrevilla Cecilio"]
[Black "Latorre Bueno Francisco"]
[Result "1-0"]
[WhiteElo "1678"]
[BlackElo "1548"]

1.d4 d5 2.Nf3 Nf6 3.e3 Bg4 4.Be2 e6 5.Nbd2 c5 6.b3 cxd4 7.exd4 Nc6 8.Bb2 Rc8
9.h3 Bh5 10.a3 a6 11.Rc1 Bd6 12.Ne5 Bxe2 13.Qxe2 O-O 14.O-O Qe7 15.b4 Na7 16.
c4 dxc4 17.Rxc4 Nd5 18.Rfc1 Rxc4 19.Rxc4 Nb6 20.Rc2 h6 21.Ne4 Bxe5 22.dxe5 Nd5
23.Qg4 Nc6 24.Re2 Qc7 25.Nf6+ Kh8 26.Nh5 Rg8 27.f4 Nce7 28.Ng3 Qb6+ 29.Kh2 Ne3
30.Qf3 N3f5 31.Nxf5 Nxf5 32.Qh5 Rf8 33.Bc1 Qd4 34.Qf3 Qd1 35.Be3 Rd8 36.Qh5
Kg8 37.Qf3 Rd3 38.Qf2 Qb3 39.Ba7 Qxa3 40.Rd2 Qb3 41.Bc5 Qd5 42.Rxd3 Qxd3 43.g4
b6 44.gxf5 bxc5 45.bxc5 exf5 46.c6 Qc4 47.Qb6 Qxf4+ 48.Kg2 Qd2+ 49.Qf2 Qg5+
50.Kh2 Qc1 51.Qb6 Qd2+ 52.Kg1 Qe1+ 53.Kg2 Qe2+ 54.Kg1 Qxe5 55.c7 Qg3+ 56.Kf1
Qf4+ 57.Ke2 Qe5+ 58.Kd3 Qe4+ 59.Kc3 Qe5+ 60.Kb4 Qb2+ 61.Kc5 Qf2+ 62.Kc6 Qf3+
63.Kd7 Qd5+ 64.Qd6 Qb5+ 65.Ke7 Qe2+ 66.Kd8 Qb5 67.c8=Q a5 68.Ke7+ Kh7 69.Kxf7
Qb3+ 70.Qce6 a4 71.Qxb3 axb3 72.Qg6+ 1-0

[Event "Veteranos Aragón 2015"]
[Site ""]
[Date "2015.06.06"]
[Round "8.12"]
[White "Perez Sirera José Maria"]
[Black "Navarro Rubio Rafael"]
[Result "0-1"]
[WhiteElo "1563"]
[BlackElo "1633"]

1.d4 Nf6 2.Nf3 d5 3.e3 Bf5 4.Nbd2 e6 5.Bd3 Bg4 6.O-O c5 7.b3 Nc6 8.Bb2 cxd4 9.
exd4 Bd6 10.h3 Bh5 11.a3 O-O 12.Qc1 Re8 13.Re1 Rc8 14.Ne5 Qb6 15.c4 Nxd4 16.
Bxd4 Qxd4 17.Ndf3 Bxf3 18.Qe3 Qxe3 19.Rxe3 Bxe5 20.Rxe5 Bh5 21.g4 Bg6 22.Be2
Nd7 23.Re3 d4 24.Rg3 Nc5 25.b4 Ne4 26.Rb3 Nd2 27.Rb2 Nxc4 0-1

[Event "Veteranos Aragón 2015"]
[Site ""]
[Date "2015.06.06"]
[Round "8.13"]
[White "Lera Perez José Carlos"]
[Black "Ferruz Martinez Rafael"]
[Result "1/2-1/2"]
[WhiteElo "1624"]
[BlackElo "1323"]

1.d4 Nf6 2.c4 g6 3.Nc3 Bg7 4.e4 d6 5.Nf3 O-O 6.Be2 e5 7.dxe5 dxe5 8.Qxd8 Rxd8
9.Nxe5 Nxe4 10.Nxf7 Kxf7 11.Nxe4 Nc6 12.O-O Nd4 13.Bd1 Bf5 14.Nc3 c5 15.Be3 b6
16.Rc1 Bd3 17.Re1 Bxc4 18.b3 Be6 19.Be2 Nxe2+ 20.Nxe2 Rd7 21.h4 Rc8 1/2-1/2

[Event "Veteranos Aragón 2015"]
[Site ""]
[Date "2015.06.06"]
[Round "8.14"]
[White "Codina Escudero Juan"]
[Black "Sanz Navarro Alberto"]
[Result "0-1"]
[WhiteElo "1451"]
[BlackElo "1576"]

1.d4 d5 2.c4 e6 3.Nc3 c5 4.cxd5 cxd4 5.Qxd4 Nc6 6.Qc4 exd5 7.Qxd5 Be6 8.Qxd8+
Rxd8 9.a3 Nd4 10.f3 Nc2+ 11.Kf2 Nxa1 12.e3 Nb3 13.Bb5+ Bd7 14.Nge2 a6 15.Bc4
b5 16.Bxb3 Nf6 17.Rd1 Bc5 18.Nd4 O-O 19.Kf1 Rfe8 20.e4 Bd6 21.h3 Bc5 22.Bg5
Bxd4 23.Rxd4 h6 24.Bxf6 gxf6 25.Rd6 Be6 26.Rxd8 Rxd8 27.Bd1 Rd2 28.b4 Bc4+ 29.
Kg1 Rd3 30.Nxb5 Rxd1+ 31.Kf2 axb5 0-1

[Event "Veteranos Aragón 2015"]
[Site ""]
[Date "2015.06.06"]
[Round "8.15"]
[White "Cervera Soler Ramón"]
[Black "Lopez Carcas Jesús"]
[Result "1-0"]
[WhiteElo "1498"]
[BlackElo "1430"]

1.c4 Nf6 2.Nc3 g6 3.g3 c6 4.Bg2 Bg7 5.d4 d6 6.Bg5 O-O 7.Qc1 Nbd7 8.Bh6 Bxh6 9.
Qxh6 Qb6 10.Qd2 e5 11.Nf3 e4 12.Ng5 d5 13.cxd5 cxd5 14.O-O a6 15.Nh3 Qd6 16.
Qf4 Qb6 17.Qd2 Rd8 18.Na4 Qd6 19.Rfc1 b5 20.Nc5 Nxc5 21.Rxc5 Nd7 22.Rc3 Nb6
23.b3 Bd7 24.Qh6 Bxh3 25.Bxh3 f5 26.Rac1 Rac8 27.g4 Rxc3 28.Rxc3 f4 29.g5 a5
30.Qh4 Qb4 31.Rc7 Qe1+ 32.Bf1 Rd7 33.Qxf4 Qb4 34.Rxd7 Nxd7 35.Qc7 Qe7 36.h4
Qe6 37.Qf4 Nf8 38.e3 Qf5 39.Qxf5 gxf5 40.Bxb5 Ng6 41.h5 Ne7 42.Kg2 Kg7 43.Kg3
h6 44.g6 Kf6 45.Kf4 Ke6 46.Be8 Kf6 47.a3 Nc8 48.b4 a4 49.Bxa4 Nb6 50.Be8 Nc4
51.a4 Ke6 52.a5 Nd6 53.Ba4 Nc4 54.Be8 Nd6 55.g7 1-0

[Event "Veteranos Aragón 2015"]
[Site ""]
[Date "2015.06.06"]
[Round "8.16"]
[White "Burillo Lazaro Amelia"]
[Black "Patap Ivan"]
[Result "0-1"]
[WhiteElo "1474"]
[BlackElo "1500"]

1.Nf3 Nf6 2.d4 d5 3.c4 c6 4.e3 Bg4 5.Nbd2 e6 6.Qb3 Qc7 7.Bd3 Nbd7 8.Qc2 Bd6 9.
b3 Bb4 10.Bb2 b6 11.O-O Bd6 12.Rac1 Bh5 13.Rfe1 Bg6 14.cxd5 Bxd3 15.Qxd3 Nxd5
16.a3 O-O 17.Ne4 Be7 18.Ne5 Nxe5 19.dxe5 Rfd8 20.Qe2 b5 21.Kh1 Rac8 22.Rc2 Qa5
23.b4 Qa4 24.Rec1 a5 25.Nc3 Nxc3 26.Rxc3 axb4 27.axb4 Bxb4 28.Ra1 Bxc3 29.Rxa4
Rd2 30.Qf3 Rxb2 31.g3 bxa4 0-1

[Event "Veteranos Aragón 2015"]
[Site ""]
[Date "2015.06.06"]
[Round "8.17"]
[White "Miranda Cuartero Juan Carlos"]
[Black "Ubeda Gimeno Angel"]
[Result "1/2-1/2"]
[WhiteElo "1653"]
[BlackElo "1512"]

1.e4 c5 2.Nf3 d6 3.Bc4 e6 4.d3 a6 5.a3 Nf6 6.Bg5 Be7 7.Nc3 O-O 8.h3 b5 9.Ba2
Nbd7 10.Qd2 h6 11.Bh4 Bb7 12.g4 d5 13.exd5 Nxd5 14.Bxe7 Nxe7 15.Ne4 Bd5 16.
Bxd5 exd5 17.Ng3 Nc6 18.O-O Qf6 19.Nf5 Nde5 20.Nxe5 Nxe5 21.f4 Nc6 22.c3 Ne7
23.Nxe7+ Qxe7 24.Rae1 1/2-1/2

[Event "Veteranos Aragón 2015"]
[Site ""]
[Date "2015.06.06"]
[Round "8.18"]
[White "Franco Tejero Luis"]
[Black "Otal Bornau José Miguel"]
[Result "1/2-1/2"]
[WhiteElo "1500"]
[BlackElo "1552"]

1.f4 d5 2.Nf3 g6 3.e3 Bg7 4.d4 Nh6 5.Be2 O-O 6.O-O b6 7.c3 Nf5 8.Ne5 Bb7 9.Nf3
Nd7 10.Qe1 Nf6 11.Ne5 Ne4 12.Bd3 Nfd6 13.Bxe4 Nxe4 14.Nd2 f6 15.Nef3 a5 16.
Nxe4 dxe4 17.Nd2 Rc8 18.Rf2 c5 19.Nf1 cxd4 20.cxd4 f5 21.Bd2 Ba6 22.Ng3 Bd3
23.a3 Qd5 24.Bc3 Rc6 25.h4 h5 26.Qd1 Rfc8 27.Ne2 Bc4 28.g3 Bb3 29.Qe1 a4 30.
Kh2 Bc2 31.Ng1 e6 32.Rxc2 Qb3 33.Re2 Rc4 34.Qd1 Qb5 35.Nh3 Rd8 36.Ng5 Rd6 37.
Rc1 e5 38.Bb4 Rxc1 39.Qxc1 Qxe2+ 40.Kh3 1/2-1/2

[Event "Veteranos Aragón 2015"]
[Site ""]
[Date "2015.06.06"]
[Round "8.19"]
[White "Requeno Otin Juan José"]
[Black "Figuer Montero Fernando"]
[Result "0-1"]
[WhiteElo "1446"]
[BlackElo "1845"]

1.d4 d5 2.Nf3 Nf6 3.Bf4 Nbd7 4.h3 Nb6 5.e3 a6 6.b3 e6 7.c4 dxc4 8.bxc4 Bb4+ 9.
Nbd2 Ne4 10.Be2 h6 11.O-O Nxd2 12.Nxd2 O-O 13.a3 Be7 14.c5 Nd5 15.Bh2 c6 16.
Qc2 f5 17.Nf3 Bf6 18.Rfd1 Rf7 19.Be5 Ne7 20.Nd2 Bxe5 21.dxe5 Qc7 22.f4 Nd5 23.
Nc4 Qe7 24.Qb2 Qxc5 25.g3 b5 26.Nd6 Rc7 27.Qd4 Qxd4 28.exd4 c5 29.Rdc1 c4 30.
a4 Rb8 31.Rab1 Bd7 32.Bxc4 b4 33.Bb3 Rxc1+ 34.Rxc1 Nc3 35.a5 Ne2+ 36.Kf1 Nxc1
37.Nc4 Nxb3 0-1

[Event "Veteranos Aragón 2015"]
[Site ""]
[Date "2015.06.06"]
[Round "8.20"]
[White "Lapuente Mercadal José Manuel"]
[Black "Arduna Domingo Carmen"]
[Result "1-0"]
[WhiteElo "1543"]
[BlackElo "1500"]

1.c4 e5 2.e4 Nf6 3.d3 Bb4+ 4.Bd2 Bxd2+ 5.Qxd2 c6 6.Nf3 d6 7.Be2 O-O 8.O-O b5
9.Nc3 a6 10.cxb5 cxb5 11.Rac1 Nc6 12.Nd5 Nd4 13.Nxd4 exd4 14.Qg5 Bb7 15.Nxf6+
Kh8 16.Nxh7 Rg8 17.Qxd8 Rgxd8 18.Ng5 Kg8 19.Rc7 Ra7 20.Nxf7 Rf8 21.Nxd6 Rb8
22.Nf5 Rc8 23.Rxc8+ Bxc8 24.Rc1 Bb7 25.Nxd4 a5 26.e5 Ra8 27.Nxb5 Re8 28.d4 Kh8
29.Nd6 1-0